000 01088cam a2200217 4500
001 L137029
008 070312s2007 xxk f 000 0 eng d
035 _a(Sirsi) u137029
041 0 _aeng
050 0 4 _a333.72 $2 18
110 2 _aUCL Environment Institute
_95140
245 0 0 _aUK greenhouse gas emissions
_bare we on target?
_h{electronic resource]
260 _aLondon
_bUCL
_c2007
505 2 _aEnergy supply sector -- Business sector -- Transport sector -- Domestic sector.
520 _aProvides a historic policy audit to assess whether government policies have been able to reduce carbon emissions since their introduction. Assesses the current portfolio of policies in terms of whether they will deliver significant reductions in the future. Focuses on the carbon reduction targets of the UK government for 2012 and 2020.
590 _aKA
651 4 _aUnited Kingdom
_y
690 _aENVIRONMENTAL AND LAND CONSULTANCY-SUSTAINABILITY
856 4 8 _uhttps://www.ucl.ac.uk/news/news-articles/0703/07030502
_zView the report free of charge at www.ucl.ac.uk...
942 _n0
999 _c106607
_d106607